| 000 | 00583nam a22001937a 4500 | ||
|---|---|---|---|
| 003 | OSt | ||
| 005 | 20260530115321.0 | ||
| 008 | 260513b1982 |||a|||| |||| 001 0 spa d | ||
| 040 |
_aICI _bspa _cICI _erda |
||
| 050 |
_aNA730.M6 _bL37 |
||
| 100 | 1 |
_eAutor _aLarson, Paul _934402 |
|
| 245 | _aLa escuela Prairie de arquitectura en Minnesota, Iowa y Wisconsin | ||
| 264 |
_aEstados Unidos de América _bMuseo de Arte de Minnesota _c1982 |
||
| 300 | _a105 páginas | ||
| 336 |
_2rdacontent _atexto |
||
| 337 |
_2rdamedia _asin medio |
||
| 338 |
_2rdacarrier _avolumen |
||
| 942 |
_2lcc _n1 _cBK |
||
| 999 |
_c13776 _d13776 |
||